Normal view
MARC view
- Ludhianvi ,Sahir
Entry Personal Name
001 - CONTROL NUMBER
- control field: 109731
003 - CONTROL NUMBER IDENTIFIER
- control field: NUST
005 - DATE AND TIME OF LATEST TRANSACTION
- control field: 20230302184437.0
008 - FIXED-LENGTH DATA ELEMENTS
- fixed length control field: 230302|| aca||aabn | a|a d
040 ## - CATALOGING SOURCE
- Original cataloging agency: NUST
- Transcribing agency: NUST
100 ## - HEADING--PERSONAL NAME
- Personal name: Ludhianvi ,Sahir
670 ## - SOURCE DATA FOUND
- Source citation: Work cat.: (NUST)188159: Ludhianvi ,Sahir, Talkhiyaan / تلخیاں (Urdu) /, 1996
